[Event "FIDE Online Olympiad Top Division 2020"]
[Site "Online"]
[Date "2020.08.24"]
[Round "?"]
[White "Kulkarni, Bhakti"]
[Black "Osmanodja, Filiz"]
[Result "1-0"]
[WhiteElo "2385"]
[BlackElo "2082"]
[Annotator "TA"]
[PlyCount "161"]
[EventDate "2020.08.21"]

{[%evp 14,160,-7,-10,26,27,45,55,47,9,14,8,1,3,14,-9,50,-15,-24,-13,-18,-29,72,-87,-58,-104,-118,-170,14,14,14,14,16,12,12,31,25,22,29,27,42,0,0,-13,0,0,0,0,0,0,19,0,29,33,39,47,351,339,285,284,392,267,264,262,247,258,282,281,281,273,267,255,191,182,326,326,274,149,326,343,474,378,357,322,260,198,447,392,375,0,326,326,326,326,419,262,260,260,264,158,302,292,400,158,247,239,243,236,269,244,302,304,4134,2641,1689,1607,6452,5455,29986,29987,29987,29987,29988,29986,29986,29987,29987,29988,29991,29986,29988,29989,29988,29988,29993,29989,29989,29990,29990,29991,29996,29993,29995,29995,29996,29996,29996,29997,29999]} 1. d4 Nf6 2. c4 e6 3. Nc3 Bb4 4. e3 O-O 5. Bd3 d5 6. Nge2 c5 7. O-O dxc4 8. Bxc4 a6 {E48: Nimzo-Indian: Rubinstein: 5 Bd3 d5 including 6 Ne2, but excluding 6 a3.} 9. a3 cxd4 10. axb4 dxc3 {[#] White is slightly better.} 11. bxc3 $146 ({Predecessor:} 11. Nxc3 Nbd7 12. b5 Qc7 13. Be2 a5 14. Qa4 b6 15. e4 Bb7 16. Be3 Nc5 17. Qc4 {1-0 (44) Sanguinetti,R-Maccioni Seisdedos,A Mar del Plata 1946}) 11... Qc7 12. Bd3 e5 13. e4 h6 14. c4 Rd8 (14... Be6 $11) 15. Qc2 ({White should try} 15. Nc3 $1 $14) 15... Nc6 $11 16. Rb1 a5 17. bxa5 $1 Rxa5 (17... Be6 $11) 18. Qb3 $2 (18. Nc3 $16 {keeps the pressure on.}) 18... Be6 19. Be3 {[#] Black should prevent Bb6.} b5 $1 {[%mdl 512]} 20. Rfd1 (20. h3 $17 {was worth a try.}) (20. cxb5 Bxb3) 20... Rxd3 $2 (20... bxc4 $19 21. Bxc4 Rxd1+ {[%mdl 64] Overworked Piece} 22. Qxd1 Bxc4) 21. Qxd3 Bxc4 22. Qd6 $36 {[%mdl 2048] White is more active.} Qxd6 $1 23. Rxd6 {Nc3 is the strong threat.} Bxe2 24. Rxc6 Nxe4 25. f3 Nf6 26. Bxh6 Nd5 27. Bd2 Ra2 28. Bc1 Bd3 29. Rb2 Ra1 {Threatens to win with ...Bc4.} 30. Kf2 Bc4 31. Bd2 Rf1+ 32. Kg3 f5 33. Re6 f4+ 34. Kh3 g5 $2 {[%mdl 8192] Black is on the road to losing.} (34... Nb4 $1 $14 35. Rxe5 Nd3 36. Rbxb5 Nxe5 37. Rxe5 Rf2) 35. Rxe5 $18 Kf7 36. Rxg5 Kf6 37. Rxd5 Bxd5 38. Bxf4 {[%mdl 4096] Endgame KRB-KRB} ({Don't play} 38. Rxb5 $6 Be6+ 39. Kh4 Rf2 $18) 38... Bc4 39. Kg4 Rd1 40. Bg5+ Kg6 41. h4 Rd4+ 42. Bf4 b4 43. h5+ Kh7 (43... Kf6 $142 44. Rd2 Bd3) 44. Kg5 Rd5+ 45. Kh4 ({White has to play} 45. Kf6 $18) 45... b3 $2 (45... Rd4 $16 {might work better.}) 46. g4 Rd4 47. Kg3 Bd5 {Black hopes to continue with ...Rd3.} 48. Be3 Rd3 49. Kf2 Rc3 $2 (49... Be6 50. Ke2 Rc3) 50. f4 Bf7 51. Ke2 $2 ({White should play} 51. f5 $18) 51... Rc4 $2 {[%mdl 8192]} (51... Bc4+ $11 {and Black has nothing to worry.} 52. Kf2 Bd5) 52. Kd3 Ra4 53. g5 {Hoping for f5.} Bxh5 54. Rxb3 Bg6+ 55. Ke2 Bf5 56. Rb6 (56. Rb5 $18 Be6 57. Rb8) 56... Be4 (56... Re4 $16 57. Kf3 Re6) 57. Bc5 Rc4 58. Be7 $2 (58. Ke3 $18 {has better winning chances.}) 58... Bf5 (58... Rc6 $16 59. Rb8 Kg6) 59. Kf3 Rc3+ 60. Kf2 Rc4 61. Bd6 Rc2+ 62. Ke3 Rc3+ $2 (62... Kg8 63. Be5 Rg2) 63. Kd4 Rc1 64. Ke5 Bd3 65. Kf6 {White threatens Rb7+ and mate.} Rf1 66. Rb7+ {White mates.} Kg8 67. g6 {[%cal Rb7b8]} Rb1 68. Rf7 {[%csl Gd6][%cal Rf7f8]} Bxg6 69. Kxg6 {[%csl Gd6][%cal Rf7f8] KRB-KR} Rg1+ 70. Kf6 Rd1 71. Rf8+ Kh7 72. Be5 Rd7 73. f5 Rb7 74. Rf7+ Rxf7+ 75. Kxf7 Kh6 76. f6 Kh7 77. Ke7 Kg8 78. f7+ Kh7 79. f8=Q {[%csl Ge5][%cal Rf8g7]} Kg6 80. Qf6+ Kh7 81. Qg7# {Accuracy: White = 62%, Black = 45%.} 1-0

[Event "FIDE Online Olympiad Top Division 2020"]
[Site "Online"]
[Date "2020.08.22"]
[Round "?"]
[White "Aryangholami"]
[Black "RovenVogel17"]
[Result "1/2-1/2"]
[WhiteElo "2384"]
[BlackElo "1994"]
[Annotator "NA"]
[PlyCount "106"]
[EventDate "2020.08.21"]
[SourceTitle "playchess.com"]
[Source "ChessBase"]
[SourceQuality "1"]
[TimeControl "900+5"]

1. Nf3 {[%emt 0:00:07]} d5 {[%emt 0:00:04]} 2. d4 {[%emt 0:00:03]} Nf6 {[%emt 0:00:02]} 3. Bf4 {[%emt 0:00:01]} c5 {[%emt 0:00:06]} 4. e3 {[%emt 0:00:06]} Nc6 {[%emt 0:00:05]} 5. Nbd2 {[%emt 0:00:08]} cxd4 {[%emt 0:00:29]} 6. exd4 {[%emt 0:00:01]} g6 {[%emt 0:00:35]} 7. c3 {[%emt 0:01:06]} Nh5 {[%emt 0:00:13]} 8. Bg5 {[%emt 0:01:41]} Bg7 {[%emt 0:01:07]} 9. Bb5 {[%emt 0:00:43]} O-O {[%emt 0:00:08]} 10. O-O {[%emt 0:00:20]} f6 {[%emt 0:01:49]} 11. Be3 {[%emt 0:01:54]} e5 {[%emt 0:02:15]} 12. dxe5 {[%emt 0:03:30]} fxe5 {[%emt 0:00:02]} 13. Qb3 {[%emt 0:00:10]} Kh8 {[%emt 0:00:22]} 14. Rad1 {[%emt 0:00:48]} Be6 {[%emt 0:01:51]} 15. Qa4 {[%emt 0:01:04]} Bd7 {[%emt 0:01:23]} 16. Qb3 {[%emt 0:01:16]} Be6 {[%emt 0:01:13]} 17. Qa4 {[%emt 0:00:05]} Qc7 {[%emt 0:00:41]} 18. Rfe1 {[%emt 0:00:46]} a6 {[%emt 0:00:28]} 19. Bxc6 {[%emt 0:00:01]} bxc6 {[%emt 0:00:02]} 20. Qh4 {[%emt 0:00:37]} Bg8 {[%emt 0:00:07]} 21. Nb3 {[%emt 0:01:13]} Nf4 {[%emt 0:00:44]} 22. Nc5 {[%emt 0:00:16]} Rf5 {[%emt 0:01:35]} 23. Bxf4 {[%emt 0:00:06]} Rxf4 {[%emt 0:00:02]} 24. Qg3 {[%emt 0:00:04]} Rf5 {[%emt 0:01:09]} 25. Nd4 {[%emt 0:00:02]} Rh5 {[%emt 0:00:20]} 26. Nde6 {[%emt 0:00:05]} Qe7 {[%emt 0:00:07]} 27. Nxg7 {[%emt 0:00:07]} Kxg7 {[%emt 0:00:01]} 28. b4 {[%emt 0:00:25]} a5 {[%emt 0:00:03]} 29. a3 {[%emt 0:00:04]} Rf8 {[%emt 0:00:03]} 30. Rd2 {[%emt 0:00:08]} Rg5 {[%emt 0:00:04]} 31. Qh3 {[%emt 0:00:06]} Rf4 {[%emt 0:00:03]} 32. Rde2 {[%emt 0:00:05]} e4 {[%emt 0:00:03]} 33. f3 {[%emt 0:00:06]} Rh4 {[%emt 0:00:17]} 34. Qxh4 {[%emt 0:00:24]} Rxg2+ {[%emt 0:00:02]} 35. Kxg2 {[%emt 0:00:00]} Qxh4 {[%emt 0:00:00]} 36. fxe4 {[%emt 0:00:01]} dxe4 {[%emt 0:00:02]} 37. Nxe4 {[%emt 0:00:02]} Bd5 {[%emt 0:00:01]} 38. Re3 {[%emt 0:00:02]} Qg4+ {[%emt 0:00:02]} 39. Kf2 {[%emt 0:00:01]} Qf4+ {[%emt 0:00:02]} 40. Kg1 {[%emt 0:00:02]} axb4 {[%emt 0:00:06]} 41. axb4 {[%emt 0:00:00]} h5 {[%emt 0:00:14]} 42. Nf2 {[%emt 0:00:23]} h4 {[%emt 0:00:02]} 43. h3 {[%emt 0:00:02]} Qf5 {[%emt 0:00:11]} 44. Re7+ {[%emt 0:00:09]} Bf7 {[%emt 0:00:03]} 45. R1e3 {[%emt 0:00:02]} Qg5+ {[%emt 0:00:03]} 46. Kf1 {[%emt 0:00:02]} Qf5 {[%emt 0:00:03]} 47. Ke2 {[%emt 0:00:03]} Kg8 {[%emt 0:00:02]} 48. R7e4 {[%emt 0:00:02]} Bd5 {[%emt 0:00:07]} 49. Rxh4 {[%emt 0:00:02]} Qc2+ {[%emt 0:00:02]} 50. Ke1 {[%emt 0:00:04]} Qc1+ {[%emt 0:00:01]} 51. Ke2 {[%emt 0:00:02]} Qc2+ {[%emt 0:00:02]} 52. Ke1 {[%emt 0:00:12]} Qc1+ {[%emt 0:00:02]} 53. Ke2 {[%emt 0:00:21]} Qc2+ {[%emt 0:00:02]} 1/2-1/2

[Event "FIDE Online Olympiad Top Division 2020"]
[Site "Online"]
[Date "2020.08.24"]
[Round "?"]
[White "Kurbonboeva, Sarvinoz"]
[Black "Melamed, Tatjana"]
[Result "1-0"]
[WhiteElo "2369"]
[BlackElo "2270"]
[Annotator "TA"]
[PlyCount "85"]
[EventDate "2020.08.21"]

{[%evp 22,85,21,25,55,53,158,158,197,196,199,149,145,149,230,185,420,412,408,264,265,206,222,257,254,260,389,394,459,470,719,714,723,633,553,672,1128,769,1120,1037,1266,1262,1672,1662,2231,2116,2535,2282,29982,29983,29987,2019,29989,29990,29990,29991,29992,29993,29993,29994,29994,29995,29995,29995,29995,29996]} 1. d4 Nf6 2. c4 g6 3. Nc3 Bg7 4. e4 d6 5. h3 O-O 6. Bg5 c5 7. d5 a6 8. a4 e6 9. Bd3 exd5 10. cxd5 Nbd7 11. Nf3 Re8 12. O-O Ne5 {A65: Modern Benoni: 6 e4.} 13. Nxe5 {[#]} dxe5 $146 ({Black should play} 13... Rxe5 $14 14. Qd2 Re8) ({Predecessor:} 13... Rxe5 14. f4 Rxg5 15. fxg5 Nd7 16. Qd2 Ne5 17. Be2 Bd7 18. a5 h6 19. gxh6 Bf6 20. Na4 {0-1 (68) L'Ami,A (2296)-Wallace,J (2377) Douglas 2018}) 14. a5 $16 Qd6 {White is clearly better.} 15. Na4 c4 16. Bxf6 ({Weaker is} 16. Bxc4 Nxe4 17. Be3 Bd7 $14) 16... Qxf6 17. Bxc4 Qg5 (17... Bf8 $16 18. Nb6 Rb8) 18. Qf3 f5 $2 (18... Qf4 {keeps fighting.} 19. Qd3 Rd8) 19. Nb6 fxe4 20. Qxe4 Bf5 21. h4 Qh5 22. d6+ Kh8 23. Qxb7 Rab8 (23... Rad8 {might work better.} 24. Bxa6 Rf8) 24. d7 $18 Red8 25. Qc7 Qxh4 (25... Rf8 $142 26. Bxa6 Rbd8) 26. Bxa6 Qg5 27. Bc8 Bh3 {[%csl Gh3][%cal Rg5g2]} 28. g3 {Black must now prevent a6.} Qf6 29. Kh2 Bxf1 30. Rxf1 e4 31. Qxb8 e3 32. Qf4 e2 33. Re1 {[%cal Bf1e1,Be1e2,Be2e7][%mdl 32]} Qxb2 34. Qe4 Bf6 35. Rxe2 Qb5 36. Bb7 (36. Nd5 $142 Qxd7 37. Bxd7 Bg7 38. Qf4 Rf8 39. Qe3 h5 40. a6 Rb8 41. Qg5) 36... Qxa5 37. Qe8+ {White mates.} Kg7 {[#]} 38. Re7+ $1 Kh6 (38... Bxe7 39. Qxe7+) 39. Qxd8 Qh5+ 40. Kg2 Qc5 41. Qf8+ {[%mdl 64] Double Attack} Kg5 {[#]} 42. Re5+ $1 {[%mdl 64] Decoy, Promotion} Qxe5 43. f4+ {[%mdl 64] Double Attack. Accuracy: White = 64%, Black = 28%.} 1-0

[Event "FIDE Online Olympiad Top Division 2020"]
[Site "Online"]
[Date "2020.08.22"]
[Round "?"]
[White "Melamed, Tatjana"]
[Black "Pham Le Thao, Nguyen"]
[Result "0-1"]
[WhiteElo "2342"]
[BlackElo "2575"]
[Annotator "RC"]
[PlyCount "150"]
[EventDate "2020.08.21"]
[SourceTitle "playchess.com"]
[Source "ChessBase"]
[SourceQuality "1"]
[TimeControl "900+5"]

1. e4 {[%emt 0:00:02]} c5 {[%emt 0:00:04]} 2. Nf3 {[%emt 0:00:02]} e6 {[%emt 0:00:02]} 3. g3 {[%emt 0:00:05]} b6 {[%emt 0:00:22]} 4. d4 {[%emt 0:00:37]} cxd4 {[%emt 0:00:28]} 5. Nxd4 {[%emt 0:00:03]} Bb7 {[%emt 0:00:01]} 6. Bg2 {[%emt 0:00:01]} a6 {[%emt 0:00:03]} 7. O-O {[%emt 0:00:02]} d6 {[%emt 0:00:06]} 8. Qe2 {[%emt 0:01:08]} Nd7 {[%emt 0:00:07]} 9. Nc3 {[%emt 0:00:55]} Rc8 {[%emt 0:00:51]} 10. Be3 {[%emt 0:01:04]} Qc7 {[%emt 0:00:28]} 11. Rad1 {[%emt 0:00:39]} Ngf6 {[%emt 0:00:06]} 12. h3 {[%emt 0:00:25]} Be7 {[%emt 0:00:15]} 13. Kh2 {[%emt 0:00:06]} O-O {[%emt 0:00:15]} 14. f4 {[%emt 0:00:18]} Rfd8 {[%emt 0:00:52]} 15. a4 {[%emt 0:00:21]} Bf8 {[%emt 0:00:36]} 16. Bc1 {[%emt 0:02:42]} Qb8 {[%emt 0:01:15]} 17. f5 {[%emt 0:00:51]} e5 {[%emt 0:00:27]} 18. Nb3 {[%emt 0:00:03]} Qa8 {[%emt 0:01:22]} 19. Bg5 {[%emt 0:00:35]} h6 {[%emt 0:00:07]} 20. Bh4 {[%emt 0:00:07]} Re8 {[%emt 0:01:30]} 21. Nd5 {[%emt 0:01:56]} Nxd5 {[%emt 0:00:19]} 22. exd5 {[%emt 0:00:01]} Be7 {[%emt 0:00:46]} 23. Bxe7 {[%emt 0:00:14]} Rxe7 {[%emt 0:00:01]} 24. Nd4 {[%emt 0:00:45]} Nf6 {[%emt 0:00:12]} 25. Nc6 {[%emt 0:00:05]} Ree8 {[%emt 0:00:25]} 26. c4 {[%emt 0:00:05]} Bxc6 {[%emt 0:00:32]} 27. dxc6 {[%emt 0:00:03]} e4 {[%emt 0:00:01]} 28. Rxd6 {[%emt 0:00:28]} Rxc6 {[%emt 0:00:03]} 29. Rfd1 {[%emt 0:00:15]} Qc8 {[%emt 0:00:08]} 30. Rxc6 {[%emt 0:00:07]} Qxc6 {[%emt 0:00:02]} 31. b3 {[%emt 0:00:01]} Qc5 {[%emt 0:00:11]} 32. Re1 {[%emt 0:00:49]} a5 {[%emt 0:00:21]} 33. Qe3 {[%emt 0:00:03]} Qd6 {[%emt 0:00:17]} 34. Re2 {[%emt 0:00:06]} h5 {[%emt 0:01:04]} 35. Rd2 {[%emt 0:00:07]} Qc7 {[%emt 0:00:03]} 36. Qf4 {[%emt 0:00:04]} Qc5 {[%emt 0:00:35]} 37. Re2 {[%emt 0:00:13]} e3 {[%emt 0:00:14]} 38. g4 {[%emt 0:00:09]} Qe5 {[%emt 0:00:19]} 39. Qxe5 {[%emt 0:00:03]} Rxe5 {[%emt 0:00:00]} 40. Kg3 {[%emt 0:00:02]} hxg4 {[%emt 0:01:01]} 41. hxg4 {[%emt 0:00:03]} Nd7 {[%emt 0:00:06]} 42. Kf4 {[%emt 0:00:08]} f6 {[%emt 0:00:01]} 43. Rxe3 {[%emt 0:00:04]} Rxe3 {[%emt 0:00:02]} 44. Kxe3 {[%emt 0:00:01]} Nc5 {[%emt 0:00:00]} 45. Kd4 {[%emt 0:00:04]} Nxb3+ {[%emt 0:00:03]} 46. Kd5 {[%emt 0:00:01]} Nc5 {[%emt 0:00:03]} 47. Kc6 {[%emt 0:00:14]} Nxa4 {[%emt 0:00:01]} 48. Bf3 {[%emt 0:00:06]} Kf8 {[%emt 0:00:05]} 49. Kb5 {[%emt 0:00:13]} Nb2 {[%emt 0:00:35]} 50. Bd5 {[%emt 0:00:12]} a4 {[%emt 0:00:39]} 51. Kxb6 {[%emt 0:00:03]} a3 {[%emt 0:00:23]} 52. c5 {[%emt 0:00:02]} Na4+ {[%emt 0:00:01]} 53. Kc6 {[%emt 0:01:26]} Ke7 {[%emt 0:00:02]} 54. Bb3 {[%emt 0:00:11]} Nc3 {[%emt 0:00:02]} 55. Kb7 {[%emt 0:00:01]} a2 {[%emt 0:00:19]} 56. Bxa2 {[%emt 0:00:03]} Nxa2 {[%emt 0:00:00]} 57. c6 {[%emt 0:00:01]} Nc3 {[%emt 0:00:02]} 58. c7 {[%emt 0:00:01]} Ne4 {[%emt 0:00:02]} 59. c8=N+ {[%emt 0:00:04]} Kd7 {[%emt 0:00:04]} 60. Nb6+ {[%emt 0:00:06]} Kd6 {[%emt 0:00:01]} 61. Nc4+ {[%emt 0:00:25]} Kd5 {[%emt 0:00:01]} 62. Ne3+ {[%emt 0:00:08]} Ke5 {[%emt 0:00:04]} 63. Ng2 {[%emt 0:00:16]} Nf2 {[%emt 0:00:02]} 64. Kc6 {[%emt 0:00:12]} Nxg4 {[%emt 0:00:03]} 65. Nh4 {[%emt 0:00:12]} Ne3 {[%emt 0:00:02]} 66. Kd7 {[%emt 0:00:02]} Nxf5 {[%emt 0:00:04]} 67. Nf3+ {[%emt 0:00:05]} Kf4 {[%emt 0:00:03]} 68. Nd2 {[%emt 0:00:02]} Nd4 {[%emt 0:00:08]} 69. Kd6 {[%emt 0:00:02]} g5 {[%emt 0:00:08]} 70. Kd5 {[%emt 0:00:02]} Nf3 {[%emt 0:00:01]} 71. Nf1 {[%emt 0:00:01]} f5 {[%emt 0:00:05]} 72. Ke6 {[%emt 0:00:04]} g4 {[%emt 0:00:03]} 73. Kf6 {[%emt 0:00:03]} Ng5 {[%emt 0:00:06]} 74. Kg6 {[%emt 0:00:03]} Ne4 {[%emt 0:00:01]} 75. Kh6 {[%emt 0:00:15]} g3 {[%emt 0:00:02]} 0-1

[Event "FIDE Online Olympiad Top Division 2020"]
[Site "Online"]
[Date "2020.08.21"]
[Round "?"]
[White "aridannie"]
[Black "archess2"]
[Result "1-0"]
[WhiteElo "2329"]
[BlackElo "2164"]
[Annotator "ChessBase"]
[PlyCount "99"]
[EventDate "2020.08.21"]
[SourceTitle "playchess.com"]
[Source "ChessBase"]
[SourceQuality "1"]
[TimeControl "900+5"]

1. e4 {[%emt 0:00:04]} c6 {[%emt 0:00:02]} 2. Nc3 {[%emt 0:00:03]} d5 {[%emt 0:00:01]} 3. Nf3 {[%emt 0:00:02]} dxe4 {[%emt 0:00:03]} 4. Nxe4 {[%emt 0:00:03]} Nf6 {[%emt 0:00:01]} 5. Qe2 {[%emt 0:00:06]} Nxe4 {[%emt 0:00:02]} 6. Qxe4 {[%emt 0:00:02]} Qa5 {[%emt 0:00:01]} 7. Ne5 {[%emt 0:00:16]} f6 {[%emt 0:02:34]} 8. Nc4 {[%emt 0:01:03]} Qd5 {[%emt 0:00:09]} 9. Qh4 {[%emt 0:00:22]} b5 {[%emt 0:03:54]} 10. Ne3 {[%emt 0:00:25]} Qg5 {[%emt 0:00:42]} 11. Qxg5 {[%emt 0:00:44]} fxg5 {[%emt 0:00:01]} 12. d4 {[%emt 0:00:10]} e6 {[%emt 0:01:26]} 13. a4 {[%emt 0:00:42]} b4 {[%emt 0:00:41]} 14. Bc4 {[%emt 0:00:30]} Na6 {[%emt 0:00:31]} 15. O-O {[%emt 0:00:18]} Nc7 {[%emt 0:00:03]} 16. Re1 {[%emt 0:00:19]} Be7 {[%emt 0:01:52]} 17. Ng4 {[%emt 0:03:05]} Bf6 {[%emt 0:01:04]} 18. Ne5 {[%emt 0:00:36]} Bxe5 {[%emt 0:00:03]} 19. Rxe5 {[%emt 0:00:07]} h6 {[%emt 0:00:01]} 20. a5 {[%emt 0:01:08]} Nd5 {[%emt 0:00:10]} 21. Bd2 {[%emt 0:00:17]} Rb8 {[%emt 0:00:11]} 22. Ra4 {[%emt 0:00:51]} Bd7 {[%emt 0:00:04]} 23. Bxd5 {[%emt 0:00:51]} cxd5 {[%emt 0:00:02]} 24. Rxb4 {[%emt 0:00:02]} Rxb4 {[%emt 0:00:04]} 25. Bxb4 {[%emt 0:00:00]} a6 {[%emt 0:00:07]} 26. Re1 {[%emt 0:00:28]} Kf7 {[%emt 0:00:07]} 27. f3 {[%emt 0:00:29]} Rb8 {[%emt 0:00:14]} 28. c3 {[%emt 0:00:10]} Bb5 {[%emt 0:00:09]} 29. b3 {[%emt 0:00:37]} Bd3 {[%emt 0:00:23]} 30. Rc1 {[%emt 0:00:12]} Rb7 {[%emt 0:00:18]} 31. Kf2 {[%emt 0:00:04]} Rb8 {[%emt 0:00:10]} 32. Ke3 {[%emt 0:00:02]} Bg6 {[%emt 0:00:06]} 33. Ra1 {[%emt 0:00:13]} Bc2 {[%emt 0:00:25]} 34. Ra3 {[%emt 0:00:03]} Ke8 {[%emt 0:00:23]} 35. Kd2 {[%emt 0:00:05]} Bg6 {[%emt 0:00:03]} 36. Bd6 {[%emt 0:00:50]} Rc8 {[%emt 0:00:01]} 37. Be5 {[%emt 0:00:07]} Kf7 {[%emt 0:00:02]} 38. Ra4 {[%emt 0:00:14]} Rd8 {[%emt 0:00:43]} 39. Rb4 {[%emt 0:00:06]} Rd7 {[%emt 0:00:01]} 40. Rb6 {[%emt 0:00:03]} Ra7 {[%emt 0:00:02]} 41. c4 {[%emt 0:00:13]} dxc4 {[%emt 0:00:09]} 42. bxc4 {[%emt 0:00:00]} Kf8 {[%emt 0:00:03]} 43. Rb8+ {[%emt 0:00:19]} Ke7 {[%emt 0:00:12]} 44. Bxg7 {[%emt 0:00:17]} h5 {[%emt 0:00:01]} 45. Be5 {[%emt 0:00:09]} Be8 {[%emt 0:00:12]} 46. Rb6 {[%emt 0:00:11]} g4 {[%emt 0:00:13]} 47. c5 {[%emt 0:00:10]} Ra8 {[%emt 0:00:02]} 48. c6 {[%emt 0:00:07]} Kd8 {[%emt 0:00:02]} 49. c7+ {[%emt 0:00:05]} Kc8 {[%emt 0:00:05]} 50. Rb8+ {[%emt 0:00:03]} 1-0

[Event "FIDE Online Olympiad Top Division 2020"]
[Site "Online"]
[Date "2020.08.21"]
[Round "?"]
[White "chessdjw"]
[Black "amintabatabaei"]
[Result "1-0"]
[WhiteElo "2314"]
[BlackElo "2342"]
[Annotator "ChessBase"]
[PlyCount "97"]
[EventDate "2020.08.21"]
[SourceTitle "playchess.com"]
[Source "ChessBase"]
[SourceQuality "1"]
[TimeControl "900+5"]

1. d4 {[%emt 0:00:01]} Nf6 {[%emt 0:00:07]} 2. c4 {[%emt 0:00:01]} g6 {[%emt 0:00:21]} 3. Nc3 {[%emt 0:00:02]} Bg7 {[%emt 0:00:03]} 4. e4 {[%emt 0:00:02]} d6 {[%emt 0:00:01]} 5. Nf3 {[%emt 0:00:03]} O-O {[%emt 0:00:01]} 6. Be2 {[%emt 0:00:00]} e5 {[%emt 0:00:00]} 7. O-O {[%emt 0:00:01]} Nc6 {[%emt 0:00:01]} 8. d5 {[%emt 0:00:01]} Ne7 {[%emt 0:00:01]} 9. b4 {[%emt 0:00:01]} a5 {[%emt 0:00:00]} 10. bxa5 {[%emt 0:00:04]} c5 {[%emt 0:00:05]} 11. a4 {[%emt 0:00:03]} Rxa5 {[%emt 0:00:02]} 12. Bd2 {[%emt 0:00:06]} Ra6 {[%emt 0:00:01]} 13. Ra3 {[%emt 0:00:04]} Ne8 {[%emt 0:00:28]} 14. Nb5 {[%emt 0:01:40]} h6 {[%emt 0:00:21]} 15. Qc1 {[%emt 0:00:20]} Kh7 {[%emt 0:00:59]} 16. Bd3 {[%emt 0:01:57]} f5 {[%emt 0:01:44]} 17. exf5 {[%emt 0:00:07]} gxf5 {[%emt 0:00:31]} 18. Bc2 {[%emt 0:05:32]} Ng6 {[%emt 0:00:04]} 19. Qd1 {[%emt 0:01:39]} Nf6 {[%emt 0:01:58]} 20. g3 {[%emt 0:00:20]} e4 {[%emt 0:01:10]} 21. Ne1 {[%emt 0:00:03]} f4 {[%emt 0:00:01]} 22. gxf4 {[%emt 0:00:36]} Bf5 {[%emt 0:01:33]} 23. Rg3 {[%emt 0:00:59]} Qd7 {[%emt 0:00:42]} 24. Kh1 {[%emt 0:01:08]} h5 {[%emt 0:00:41]} 25. f3 {[%emt 0:00:44]} Bh6 {[%emt 0:01:27]} 26. Nc3 {[%emt 0:00:42]} e3 {[%emt 0:01:22]} 27. Bxe3 {[%emt 0:00:34]} h4 {[%emt 0:00:01]} 28. Rg5 {[%emt 0:00:14]} Bxg5 {[%emt 0:00:40]} 29. fxg5 {[%emt 0:00:02]} Bxc2 {[%emt 0:00:01]} 30. Qxc2 {[%emt 0:00:03]} Ng4 {[%emt 0:00:07]} 31. Bd2 {[%emt 0:00:17]} N4e5 {[%emt 0:00:11]} 32. Ne4 {[%emt 0:00:01]} Qh3 {[%emt 0:00:04]} 33. Rf2 {[%emt 0:00:05]} Ng4 {[%emt 0:02:01]} 34. Rg2 {[%emt 0:00:02]} Rxf3 {[%emt 0:00:03]} 35. Nxf3 {[%emt 0:00:06]} Qxf3 {[%emt 0:00:00]} 36. Nf6+ {[%emt 0:00:09]} Nxf6 {[%emt 0:00:48]} 37. gxf6 {[%emt 0:00:01]} Qf1+ {[%emt 0:00:06]} 38. Rg1 {[%emt 0:00:01]} Qf3+ {[%emt 0:00:01]} 39. Rg2 {[%emt 0:00:00]} Qf1+ {[%emt 0:00:13]} 40. Rg1 {[%emt 0:00:01]} Qxf6 {[%emt 0:00:01]} 41. Qd1 {[%emt 0:00:18]} Qf5 {[%emt 0:00:09]} 42. Rg5 {[%emt 0:00:02]} Qe4+ {[%emt 0:00:04]} 43. Kg1 {[%emt 0:00:01]} Qd4+ {[%emt 0:00:05]} 44. Kh1 {[%emt 0:00:12]} Nf4 {[%emt 0:00:15]} 45. Qb1+ {[%emt 0:00:08]} Kh8 {[%emt 0:00:03]} 46. Qf5 {[%emt 0:00:05]} Ra8 {[%emt 0:00:08]} 47. Qxf4 {[%emt 0:00:02]} Qa1+ {[%emt 0:00:01]} 48. Bc1 {[%emt 0:00:04]} Re8 {[%emt 0:00:05]} 49. Qxh4# {[%emt 0:00:01]} 1-0

[Event "FIDE Online Olympiad Top Division 2020"]
[Site "Online"]
[Date "2020.08.22"]
[Round "?"]
[White "Vogel, Roven"]
[Black "Liu, Yan"]
[Result "0-1"]
[WhiteElo "2312"]
[BlackElo "2386"]
[Annotator "ChessBase"]
[PlyCount "72"]
[EventDate "2020.08.21"]
[SourceTitle "playchess.com"]
[Source "ChessBase"]
[SourceQuality "1"]
[TimeControl "900+5"]

1. d4 {[%emt 0:00:05]} Nf6 {[%emt 0:00:02]} 2. c4 {[%emt 0:00:05]} e6 {[%emt 0:00:02]} 3. Nf3 {[%emt 0:00:04]} b6 {[%emt 0:00:01]} 4. e3 {[%emt 0:00:27]} Bb7 {[%emt 0:00:19]} 5. Bd3 {[%emt 0:00:02]} Bb4+ {[%emt 0:00:10]} 6. Bd2 {[%emt 0:00:52]} Bxd2+ {[%emt 0:00:05]} 7. Nbxd2 {[%emt 0:00:38]} d6 {[%emt 0:00:04]} 8. e4 {[%emt 0:00:18]} Qe7 {[%emt 0:00:56]} 9. O-O {[%emt 0:00:08]} e5 {[%emt 0:00:04]} 10. d5 {[%emt 0:02:49]} Nbd7 {[%emt 0:00:27]} 11. Ne1 {[%emt 0:00:25]} a5 {[%emt 0:00:30]} 12. g3 {[%emt 0:00:29]} Nc5 {[%emt 0:00:53]} 13. Bc2 {[%emt 0:00:06]} Bc8 {[%emt 0:00:08]} 14. Ng2 {[%emt 0:00:48]} Bh3 {[%emt 0:00:14]} 15. Re1 {[%emt 0:00:10]} h5 {[%emt 0:00:31]} 16. Ne3 {[%emt 0:00:40]} g6 {[%emt 0:00:54]} 17. b3 {[%emt 0:00:26]} Kf8 {[%emt 0:00:44]} 18. a3 {[%emt 0:00:05]} Kg7 {[%emt 0:00:05]} 19. b4 {[%emt 0:00:07]} Ncd7 {[%emt 0:00:49]} 20. Ba4 {[%emt 0:00:12]} h4 {[%emt 0:01:51]} 21. g4 {[%emt 0:01:24]} axb4 {[%emt 0:00:04]} 22. Bc6 {[%emt 0:01:50]} Rxa3 {[%emt 0:02:03]} 23. Rxa3 {[%emt 0:00:03]} bxa3 {[%emt 0:00:01]} 24. Qf3 {[%emt 0:00:00]} Nc5 {[%emt 0:01:54]} 25. Qxh3 {[%emt 0:00:03]} Nfxe4 {[%emt 0:00:19]} 26. Nxe4 {[%emt 0:00:02]} Nxe4 {[%emt 0:00:01]} 27. Nc2 {[%emt 0:00:12]} Ng5 {[%emt 0:00:12]} 28. Qxa3 {[%emt 0:00:06]} Qf6 {[%emt 0:00:07]} 29. Re3 {[%emt 0:00:51]} h3 {[%emt 0:00:48]} 30. f3 {[%emt 0:00:39]} Qf4 {[%emt 0:00:21]} 31. Ne1 {[%emt 0:00:37]} Rh4 {[%emt 0:00:19]} 32. Re2 {[%emt 0:00:49]} e4 {[%emt 0:00:47]} 33. Qc3+ {[%emt 0:00:02]} Kh7 {[%emt 0:00:26]} 34. Qe3 {[%emt 0:00:01]} Nxf3+ {[%emt 0:00:14]} 35. Nxf3 {[%emt 0:00:02]} Rxg4+ {[%emt 0:00:17]} 36. Kf1 {[%emt 0:00:12]} exf3 {[%emt 0:00:09]} 0-1